|
|
|
|
| LEADER |
00000cam a2200000 7i4500 |
| 001 |
0000002398 |
| 005 |
20151222.0 |
| 008 |
070712 |
| 020 |
|
|
|a 9838805149(set)
|
| 020 |
|
|
|a 9838805203
|
| 090 |
0 |
0 |
|a JF
|b AD MAL (2636)
|
| 100 |
0 |
|
|a Usma
|
| 245 |
1 |
0 |
|a Peristiwa di depan mata
|c Usma
|
| 260 |
|
|
|a Selangor :
|b Eddiplex ,
|c 2002
|
| 440 |
|
0 |
|a Siri himpunan cerpen misteri
|
| 500 |
|
|
|a Children ages 7-9 years old (orange)
|
| 650 |
|
0 |
|a Malay fiction
|
| 650 |
|
0 |
|a Mystery stories, Malay
|
| 710 |
0 |
|
|a Series
|
| 710 |
0 |
|
|a Title
|
| 999 |
|
|
|a 0000008729
|b Book
|c Children Collection
|e Cawangan Taman Universiti
|
| 999 |
|
|
|a 0000008731
|b Book
|c Children Collection
|e Cawangan Taman Universiti
|
| 999 |
|
|
|a 0000008732
|b Book
|c Children Collection
|e Cawangan Taman Universiti
|
| 999 |
|
|
|a 0000014793
|b Book
|c Children Collection
|e Cawangan Taman Universiti
|
| 999 |
|
|
|a 0000014794
|b Book
|c Children Collection
|e Cawangan Taman Universiti
|
| 999 |
|
|
|a 0000014795
|b Book
|c Children Collection
|e Cawangan Taman Universiti
|
| 999 |
|
|
|a 0000870031
|b Book
|c Adult Collection
|e Cawangan Pontian
|
| 999 |
|
|
|a 0000876031
|b Book
|c Adult Collection
|e Cawangan Pontian
|
| 999 |
|
|
|a 0000876035
|b Book
|c Children Collection
|e Cawangan Bandar Penawar
|
| 999 |
|
|
|a 0000876037
|b Book
|c Children Collection
|e Cawangan Mersing
|
| 999 |
|
|
|a 0000968441
|b Book
|c Children Collection
|e Perbadanan Perpustakaan Awam Johor
|
| 999 |
|
|
|a 0000968443
|b Book
|c Children Collection
|e Cawangan Batu Pahat
|
| 999 |
|
|
|a 0000968444
|b Book
|c Children Collection
|e Perbadanan Perpustakaan Awam Johor
|